失去的大觀園 : 紅樓夢

資料類型: Book 圖書   書目號:32801

Leader xxxxxxxxxx
001 __ PCLIS00032801
005 __ 20220222084849.0
010 0_ |a957-13-2719-0|b平裝|dNT$200
020 __ |acw|b87013417
050 __ |a100917194
100 __ |a19981002d1998    mk y0chiy09      e
101 0_ |achi
102 __ |atw
105 __ |ay   z   000ad
200 1_ |a失去的大觀園|e紅樓夢|f康來新編撰
205 __ |a四版
210 __ |a臺北市|c時報文化出版|a[臺北縣]三重市|c發達總經銷|d1998[民87]
215 0_ |a[11], 261面|d15公分
225 2_ |a中國歷代經典寶庫|v39
260 1_ |a1998
410 _0 |12001 |a中國歷代經典寶庫|v39
517 1_ |a紅樓夢|zchi
605 __ |2csh|a紅樓夢|x通俗作品
681 __ |a857.49|b8353|yv.39 87|v增訂七版
700 _1 |a|b來新|4編撰
801 _0 |acw|b中圖|c19990223|gCCR
801 _1 |atw|b內湖高中|c20030616|gCCR
801 _2 |atw|b內湖高中|c20030616|gCCR
  
  
詳細館藏(共 1 筆)
索 書 號登 錄 號冊次號館別 / 館藏地流通類型狀態加入預約清單電子資源
857.49 / 8674 1013933  圖書館 / 一樓普通區 可外借30天 在館   

| 條列資料




目錄查詢 分類查詢 個人資料 圖書薦購 新書查詢 閉館日 排行榜 更多電子資源 Hami書城 線上資料庫 登出

From : 216.73.217.52

  本日流通累計至 23:58:45 借閱 : 0 次 續借 : 0 次 歸還 : 0 次 預約 : 0 次 電子資源 : 0 次


內湖高中圖書館  PCLIS 版本  26.5.0.12